Acronymes - 4 lettres - N - Statistiques

Statistiques générales
  • Ce quiz a été pris 30 fois
  • Le résultat moyen est 7 sur 47
Statistiques - réponses
HINT ANSWER % Correct
NASA National
86%
Organisation
68%
Atlantic
57%
Space
57%
NATO North
54%
NDLA Note
46%
NDLR Note
46%
De
43%
De
43%
La
43%
Rédaction
43%
Treaty
32%
Administration
21%
Aeronautics
21%
L'auteur
18%
NMPP Nouvelles
14%
NUMA Non
11%
Presse
11%
Messageries
7%
NFTS New
7%
Parisienne
7%
NPNS Ni
4%
Ni
4%
System
4%
Access
0%
Airbnb
0%
Alliance
0%
Alliance
0%
Banking
0%
Dié
0%
File
0%
Insurance
0%
Komissariat
0%
Memory
0%
NKVD Narodnii
0%
NZBA Net
0%
NZIA Net
0%
NATU Netflix
0%
Putes
0%
Soumises
0%
Technology
0%
Tesla
0%
Uber
0%
Uniform
0%
Vnoutrennikh
0%
Zero
0%
Zero
0%
Aucun quiz correspondant
Distribution des résultats
% des personnes avec chaque résultat
Percentile par nombre de réponses
Votre historique - résultats
Vous n’avez pas pris ce quiz